Statistics for Municipalities of Buffalo County, Wisconsin

Click here to take the quiz!

General Stats

  • This quiz has been taken 19 times
  • The average score is 20 of 25

Answers on the Map

Answers color-coded by a green-red scale on the quiz's map according to % correct below.
 

Answer Stats

Answer% Correct
Census Designated Place of Waumandee
100%
City of Alma
100%
City of Buffalo City
100%
Town of Alma
100%
Town of Buffalo
100%
Town of Lincoln
100%
Town of Nelson
100%
Town of Waumandee
100%
Village of Cochrane
100%
Village of Nelson
100%
Census Designated Place of Gilmanton
75%
City of Fountain City
75%
City of Mondovi
75%
Town of Belvidere
75%
Town of Cross
75%
Town of Gilmanton
75%
Town of Milton
75%
Town of Modena
75%
Town of Mondovi
75%
Town of Montana
75%
Town of Canton
50%
Town of Dover
50%
Town of Glencoe
50%
Town of Maxville
50%
Town of Naples
50%

Score Distribution

Percentile by Number Answered

Percent of People with Each Score

Your Score History

You have not taken this quiz